• 首页
  • 本馆介绍
  • 公告通知
  • 最新文献
  • 馆藏检索
  • 电子资源
  • 读者导购
  • 参考咨询
  • 我的图书馆
  • 登录
  • 详细信息显示
  • 放入我的书架
  • 预约/预借图书
  • 作者相关作品
  • 分类相关作品
  • 丛书相关作品
  • 出版社相关作品

书目信息

  • 表格格式
  • 工作单格式
  • 卡片格式
题名:
国际人力资源管理
    
 
作者: 李英 , 班博 编著
分册:  
出版信息: 济南   山东人民出版社  2004
页数: 391页
开本: 21cm
丛书名: 现代人力资源管理丛书
单 册:
中图分类: F249.1
科图分类:
主题词: 资源管理 , 跨国公司--劳动力资源--资源管理--世界 , 跨国公司 , 劳动力资源 , 劳动经济
电子资源:
ISBN: 7-209-03456-0
000 01011oam2 2200313 450
001 1158463217
005 20111004161736.87
010    @a7-209-03456-0@dCNY20.00
100    @a20040813d2004 em y0chiy50 ea
101 0  @achi
102    @aCN@b370000
105    @ay z 000yy
106    @ar
200 1  @a国际人力资源管理@f李英,班博编著@Aguo ji ren li zi yuan guan li
210    @a济南@c山东人民出版社@d2004
215    @a391页@d21cm
225 2  @a现代人力资源管理丛书
330    @a本书介绍了国际人力资源管理的理论渊源、特点及新的发展趋势,分析西方发达国家人力资源管理的实践,并对跨国公司的人力资源管理进行介绍。
461  0 @1001002700428
606 0  @a资源管理
606 0  @a跨国公司@x劳动力资源@x资源管理@y世界
606 0  @a跨国公司
606 0  @a劳动力资源
606 0  @a劳动经济
690    @aF249.1@v4
701  0 @a李英@c(人事管理)@4编著@Ali ying
701  0 @a班博@4编著@Aban bo
801  0 @aCN@b大连网信软件有限公司图书馆·11@c20111004
905    @a10447@dF249.1@eJY148
    
    国际人力资源管理/李英,班博编著.-济南:山东人民出版社,2004
    391页;21cm .-(现代人力资源管理丛书 )
    
    
    ISBN 7-209-03456-0:CNY20.00
    本书介绍了国际人力资源管理的理论渊源、特点及新的发展趋势,分析西方发达国家人力资源管理的实践,并对跨国公司的人力资源管理进行介绍。
●
相关链接 在E读中查询图书 在五车中查询图书 在当当中查询图书 在豆瓣中查询图书


正题名:国际人力资源管理     索取号:F249.1/JY148         预约/预借

序号 登录号 条形码 馆藏地/架位号 状态 备注
1 7813800   278138007   学院路分馆/ [索取号:F249.1/JY148] 在馆    
2 7813801   278138016   学院路分馆/ [索取号:F249.1/JY148] 在馆    
3 7813802   278138025   学院路分馆/ [索取号:F249.1/JY148] 在馆    
唐山师范学院图书馆 欢迎您!
大连网信软件有限公司© 版权所有